000 00663nam a2200241Ia 4500
005 20260429111846.0
008 260429s9999||||xx |||||||||||||| ||und||
020 _a9789358990027
041 _aEnglish
082 _a632.6257
_bRED
100 _aReddy, Parvatha P.
245 0 _aNematode diseases of fruit crops and their management /
_cParvatha P. Reddy
250 _a1st ed.
260 _aNew Delhi :
_bElite Publishing House,
_c2024.
300 _axxxi, 368 p.; hb
650 _a Animal pests
650 _a Crop Diseases
650 _a Crop management
650 _a Fruit crops
650 _a Nematodes
650 _aAgriculture
942 _cTB
999 _c51170
_d51170